[Event "Calvia Amateur op 20th"]
[Site "Calvia"]
[Date "2023.10.14"]
[Round "8"]
[White "Vicens Company, Maria Antonia"]
[Black "Brull Mayol, Cosme"]
[Result "0-1"]
[WhiteElo "1887"]
[BlackElo "2163"]
[PlyCount "122"]
[EventDate "2023.10.07"]
[EventType "swiss"]
[EventRounds "9"]
[EventCountry "ESP"]
[SourceTitle "Mega2024 Update 01"]
[Source "Chessbase"]
[SourceDate "2023.11.12"]
[SourceVersion "1"]
[SourceVersionDate "2023.11.12"]
[SourceQuality "1"]

1. e4 c6 2. d4 d5 3. exd5 cxd5 4. Bd3 Nc6 5. c3 Nf6 6. Bf4 Bg4 7. Nf3 e6 8. Nbd2 Bd6 9. Bxd6 Qxd6 10. Qb3 0-0 11. 0-0 a6 12. Rfe1 Bxf3 13. Nxf3 b5 14. Ne5 Na5 15. Qd1 b4 16. Re3 bxc3 17. bxc3 g6 18. Rh3 Nc6 19. Qe2 Rfc8 20. Re1 Ne4 21. Bxe4 dxe4 22. Ng4 f5 23. Nf6+ Kg7 24. Nxh7 Rh8 25. Ng5 Rxh3 26. Nxh3 e5 27. Rb1 exd4 28. Rb7+ Ne7 29. cxd4 Rb8 30. Qb2 Rxb7 31. Qxb7 Qa3 32. g3 Kf6 33. Qb6+ Kg7 34. Qc7 Kf8 35. Ng5 e3 36. Qb8+ Kg7 37. Qe5+ Kf8 38. Qxe3 Qxa2 39. Ne6+ Kf7 40. Nd8+ Ke8 41. Ne6 Kf7 42. Nc5 a5 43. Kf1 a4 44. h4 a3 45. Qb3+ Qxb3 46. Nxb3 Ke6 47. Ke2 Kd5 48. Kd3 Nc6 49. f3 a2 50. g4 Nxd4 51. Na1 f4 52. h5 g5 53. h6 Nxf3 54. Kc3 Ne5 55. h7 Nf7 56. Kb2 Ke4 57. Nb3 Ke3 58. Na5 f3 59. Nc4+ Ke2 60. Ne5 f2 61. Nxf7 f1Q 0-1

[Event "Calvia Amateur op 20th"]
[Site "Calvia"]
[Date "2023.10.07"]
[Round "1"]
[White "Brull Mayol, Cosme"]
[Black "Schnepel, Thomas"]
[Result "1/2-1/2"]
[WhiteElo "2163"]
[BlackElo "1719"]
[PlyCount "42"]
[EventDate "2023.10.07"]
[EventType "swiss"]
[EventRounds "9"]
[EventCountry "ESP"]
[SourceTitle "Mega2024 Update 01"]
[Source "Chessbase"]
[SourceDate "2023.11.12"]
[SourceVersion "1"]
[SourceVersionDate "2023.11.12"]
[SourceQuality "1"]

1. d4 Nf6 2. Nf3 g6 3. Bf4 c5 4. e3 Bg7 5. Nbd2 d5 6. c3 0-0 7. Bd3 Nbd7 8. h3 b6 9. 0-0 Bb7 10. a4 Ne4 11. a5 bxa5 12. Qa4 Nxd2 13. Nxd2 e5 14. dxe5 Nxe5 15. Bxe5 Bxe5 16. Qxa5 Qe7 17. Ba6 Bc6 18. Bb5 Bxb5 19. Qxb5 Rab8 20. Qa5 Rxb2 21. Nf3 Bb8 1/2-1/2

[Event "Baleares-chT"]
[Site "Palma de Mallorca"]
[Date "2022.02.05"]
[Round "3.1"]
[White "Maalla, Abdessadek"]
[Black "Brull Mayol, Cosme"]
[Result "0-1"]
[WhiteElo "2082"]
[BlackElo "2161"]
[PlyCount "59"]
[EventDate "2022.01.22"]
[EventType "team-tourn"]
[EventRounds "7"]
[EventCountry "ESP"]
[SourceTitle "EXT 2023"]
[Source "ChessBase"]
[SourceDate "2022.10.05"]
[SourceVersion "1"]
[SourceVersionDate "2022.10.05"]
[SourceQuality "1"]
[WhiteTeam "La Balanguera"]
[BlackTeam "Son Dameto"]
[WhiteTeamCountry "ESP"]
[BlackTeamCountry "ESP"]

1. Nf3 Nf6 2. g3 g6 3. Bg2 Bg7 4. 0-0 0-0 5. c4 d6 6. d4 Nc6 7. Nc3 Bf5 8. Qa4 Nd7 9. e4 Bg4 10. d5 Nb6 11. Qc2 Bxf3 12. dxc6 Bxg2 13. cxb7 Bxf1 14. bxa8Q Qxa8 15. Kxf1 Bxc3 16. Qxc3 f5 17. exf5 Qh1+ 18. Ke2 Rxf5 19. b3 Qxh2 20. Be3 Qg2 21. Rd1 Nd7 22. Rd5 Qf3+ 23. Ke1 c5 24. Rxf5 gxf5 25. Qa5 Kf7 26. Qxa7 Nf6 27. Qa5 Ne4 28. b4 Nxg3 29. Kd2 Qe2+ 30. Kc3 0-1

[Event "Mallorca-chT Preferente"]
[Site "Mallorca"]
[Date "2021.03.13"]
[Round "2"]
[White "Bergas Ferriol, Jeronimo"]
[Black "Brull Mayol, Cosme"]
[Result "0-1"]
[WhiteElo "1966"]
[BlackElo "2169"]
[PlyCount "64"]
[EventDate "2021.03.06"]
[EventType "team-swiss"]
[EventRounds "7"]
[EventCountry "ESP"]
[SourceTitle "EXT 2023"]
[Source "ChessBase"]
[SourceDate "2022.10.05"]
[SourceVersion "1"]
[SourceVersionDate "2022.10.05"]
[SourceQuality "1"]
[WhiteTeam "Maria Salut"]
[BlackTeam "Son Dameto"]
[WhiteTeamCountry "ESP"]
[BlackTeamCountry "ESP"]

1. d4 Nf6 2. Bg5 e6 3. e4 h6 4. Bxf6 Qxf6 5. Nc3 Qd8 6. a3 d5 7. f3 c5 8. dxc5 Bxc5 9. exd5 0-0 10. Nge2 Qb6 11. Ne4 Be3 12. N2c3 Qxb2 13. Rb1 Qxa3 14. Rb3 Qe7 15. d6 Qd8 16. Na4 Bf4 17. g3 f5 18. gxf4 fxe4 19. Qd2 Qh4+ 20. Kd1 Rxf4 21. Nc5 exf3 22. Bb5 f2 23. Rf1 Rd4 24. Rd3 Qh5+ 25. Kc1 Rxd3 26. Bxd3 Qxc5 27. Rxf2 Nd7 28. h4 Ne5 29. Be4 Bd7 30. Rg2 Rf8 31. Qxh6 Rf1+ 32. Kb2 Qb4+ 0-1

[Event "Mallorca-chT Preferente"]
[Site "Palma de Mallorca"]
[Date "2020.03.07"]
[Round "6.2"]
[White "Brull Mayol, Cosme"]
[Black "Massanet Massanet, Sebastian"]
[Result "1/2-1/2"]
[WhiteElo "2165"]
[BlackElo "2276"]
[PlyCount "48"]
[EventDate "2020.02.01"]
[EventType "team-tourn"]
[EventRounds "9"]
[EventCountry "ESP"]
[SourceTitle "CBM 195 Extra"]
[Source "ChessBase"]
[SourceDate "2020.05.31"]
[SourceVersion "1"]
[SourceVersionDate "2020.05.31"]
[SourceQuality "1"]
[WhiteTeam "Son Dameto"]
[BlackTeam "Agora Megaescacs"]
[WhiteTeamCountry "ESP"]
[BlackTeamCountry "ESP"]

1. d4 Nf6 2. Nf3 g6 3. c4 Bg7 4. Nc3 d5 5. e3 0-0 6. cxd5 Nxd5 7. Bc4 Nb6 8. Bb3 c5 9. 0-0 cxd4 10. exd4 Nc6 11. d5 Na5 12. h3 Bf5 13. Be3 Bxc3 14. bxc3 Nxb3 15. axb3 Qxd5 16. Nd4 Bd7 17. c4 Qe5 18. Qd2 Qc7 19. Ra5 Rfe8 20. Rfa1 Nc8 21. Nf3 b6 22. Ra6 Bc6 23. Nd4 Bb7 24. R6a2 a6 1/2-1/2

[Event "Mallorca-chT Preferente"]
[Site "Mallorca"]
[Date "2016.03.17"]
[Round "8.1"]
[White "Navarrete Solano, Jorge Jose"]
[Black "Brull Mayol, Cosme"]
[Result "1-0"]
[WhiteElo "2053"]
[BlackElo "2243"]
[PlyCount "68"]
[EventDate "2016.03.01"]
[EventType "team-tourn"]
[EventRounds "9"]
[EventCountry "ESP"]
[SourceTitle "EXT 2024"]
[Source "ChessBase"]
[SourceDate "2023.10.10"]
[SourceVersion "1"]
[SourceVersionDate "2023.10.10"]
[SourceQuality "1"]
[WhiteTeam "Algaida"]
[BlackTeam "Son Dameto"]
[WhiteTeamCountry "ESP"]
[BlackTeamCountry "ESP"]

1. Nf3 Nf6 2. d4 e6 3. c4 Bb4+ 4. Bd2 Qe7 5. a3 Bxd2+ 6. Nbxd2 d6 7. e3 0-0 8. Rc1 c5 9. Be2 Nc6 10. 0-0 b6 11. Qc2 Bb7 12. Qc3 Rac8 13. b4 Rfd8 14. b5 Na5 15. dxc5 dxc5 16. Rfd1 Rd6 17. Bd3 Rcd8 18. Bc2 Bxf3 19. Nxf3 Ne4 20. Qe1 Rxd1 21. Rxd1 Rxd1 22. Qxd1 Nd6 23. Qd3 f5 24. Ne5 Nf7 25. Nxf7 Kxf7 26. e4 g6 27. g3 fxe4 28. Qxe4 Nb7 29. Qf4+ Kg7 30. Qe5+ Kh6 31. Be4 Nd6 32. Bd5 Nf5 33. Be4 Nd4 34. h4 Qg7 1-0

[Event "Palmanova Blau Escacs op 1st"]
[Site "Palmanova"]
[Date "2015.04.13"]
[Round "3"]
[White "Brull Mayol, Cosme"]
[Black "Cacho Reigadas, Sergio"]
[Result "1/2-1/2"]
[WhiteElo "2240"]
[BlackElo "2519"]
[PlyCount "122"]
[EventDate "2015.04.11"]
[EventType "swiss"]
[EventRounds "9"]
[EventCountry "ESP"]
[SourceTitle "CBM 166 Extra"]
[Source "ChessBase"]
[SourceDate "2015.06.18"]
[SourceVersion "1"]
[SourceVersionDate "2015.06.18"]
[SourceQuality "1"]

1. e4 c5 2. Nf3 e6 3. c3 Nf6 4. e5 Nd5 5. d4 cxd4 6. cxd4 b6 7. Nc3 Nxc3 8. bxc3 Qc7 9. Bd2 Bb7 10. Bd3 d6 11. 0-0 Nd7 12. Re1 Be7 13. Rc1 0-0 14. Bf4 Rfe8 15. Re3 Nf8 16. Nd2 dxe5 17. Bxe5 Bd6 18. f4 f6 19. Bxd6 Qxd6 20. Qf1 Rac8 21. Bc4 Bd5 22. Bb3 Kh8 23. g3 Re7 24. Qf2 h6 25. Ree1 Rec7 26. Qe3 Qa3 27. c4 Bb7 28. Nb1 Qa5 29. Nc3 Rxc4 30. Bxc4 Rxc4 31. d5 Rxc3 32. Qxc3 Qxd5 33. Kf2 Nd7 34. Rcd1 Qg2+ 35. Ke3 Nc5 36. Re2 Qf3+ 37. Kd2 Ne4+ 38. Rxe4 Qxe4 39. Kc1 Bd5 40. Qc8+ Kh7 41. Qc2 Qxc2+ 42. Kxc2 Kg6 43. Kd2 Kf5 44. Ke3 b5 45. a3 a5 46. Rb1 Bc4 47. h3 h5 48. Rc1 a4 49. g4+ hxg4 50. hxg4+ Kxg4 51. Rg1+ Kf5 52. Rxg7 e5 53. fxe5 Kxe5 54. Re7+ Kd6 55. Rb7 Kc6 56. Rb8 Kd5 57. Rd8+ Ke5 58. Re8+ Be6 59. Rb8 Bd7 60. Rd8 Bc6 61. Rc8 Kf5 1/2-1/2

[Event "Palmanova Blau Escacs op 1st"]
[Site "Palmanova"]
[Date "2015.04.11"]
[Round "1"]
[White "Brull Mayol, Cosme"]
[Black "Vicens Company, Francesc"]
[Result "1-0"]
[WhiteElo "2240"]
[BlackElo "1517"]
[PlyCount "91"]
[EventDate "2015.04.11"]
[EventType "swiss"]
[EventRounds "9"]
[EventCountry "ESP"]
[SourceTitle "CBM 166 Extra"]
[Source "ChessBase"]
[SourceDate "2015.06.18"]
[SourceVersion "1"]
[SourceVersionDate "2015.06.18"]
[SourceQuality "1"]

1. e4 c5 2. Nf3 Nc6 3. d4 cxd4 4. Nxd4 e5 5. Nb5 a6 6. Nd6+ Bxd6 7. Qxd6 Qf6 8. Qd2 Qg6 9. Nc3 Nf6 10. f3 0-0 11. Bc4 b5 12. Bb3 Nd4 13. Qg5 Nxb3 14. axb3 Bb7 15. 0-0 d6 16. Rd1 Rfd8 17. Qxg6 hxg6 18. Bg5 Rac8 19. Rd2 Rd7 20. Bxf6 gxf6 21. Rad1 Rc6 22. Nd5 Kg7 23. c4 Rd8 24. Nb4 Rc5 25. Nd3 Rc7 26. cxb5 axb5 27. Nb4 Rcd7 28. Nd5 Bc6 29. Rc2 Bb7 30. g4 Rb8 31. Kf2 Rh8 32. Kg2 Rb8 33. Ne3 Rc8 34. Rcd2 Rcd8 35. h4 Kh6 36. g5+ fxg5 37. Ng4+ Kg7 38. hxg5 Bc8 39. Nf6 Rc7 40. Rxd6 Rh8 41. Rd8 Bh3+ 42. Kf2 Rc2+ 43. Ke3 Rh2 44. Rxh8 Kxh8 45. Rd8+ Kg7 46. Rg8# 1-0

[Event "Mallorca-chT Preferente"]
[Site "Palma de Mallorca"]
[Date "2012.03.31"]
[Round "9.5"]
[White "Segura Ariza, Jose Luis"]
[Black "Brull Mayol, Cosme"]
[Result "1/2-1/2"]
[WhiteElo "2181"]
[BlackElo "2285"]
[PlyCount "37"]
[EventDate "2012.01.28"]
[EventType "team"]
[EventRounds "9"]
[EventCountry "ESP"]
[SourceTitle "EXT 2014"]
[Source "ChessBase"]
[SourceDate "2013.11.20"]
[SourceVersion "1"]
[SourceVersionDate "2013.11.20"]
[SourceQuality "1"]
[WhiteTeam "Dimonis Algaida"]
[BlackTeam "Son Dameto"]
[WhiteTeamCountry "ESP"]
[BlackTeamCountry "ESP"]

1. c4 Nf6 2. Nc3 g6 3. d4 Bg7 4. e4 d6 5. Be2 0-0 6. Nf3 c5 7. 0-0 cxd4 8. Nxd4 Nc6 9. Be3 Bd7 10. Rc1 Nxd4 11. Bxd4 Bc6 12. Qd3 a5 13. Qe3 Nd7 14. Bxg7 Kxg7 15. Nd5 e6 16. Nc3 Qb6 17. Qd2 Rfd8 18. h4 Nf6 19. h5 1/2-1/2

[Event "Mallorca-chT Preferente"]
[Site "Palma de Mallorca"]
[Date "2012.03.17"]
[Round "7.5"]
[White "Brull Mayol, Cosme"]
[Black "Minzer, Claudio Javier"]
[Result "1-0"]
[WhiteElo "2285"]
[BlackElo "2452"]
[PlyCount "155"]
[EventDate "2012.01.28"]
[EventType "team"]
[EventRounds "9"]
[EventCountry "ESP"]
[SourceTitle "EXT 2014"]
[Source "ChessBase"]
[SourceDate "2013.11.20"]
[SourceVersion "1"]
[SourceVersionDate "2013.11.20"]
[SourceQuality "1"]
[WhiteTeam "Son Dameto"]
[BlackTeam "Agora Megaescacs"]
[WhiteTeamCountry "ESP"]
[BlackTeamCountry "ESP"]

1. Nf3 Nf6 2. d4 g6 3. c4 Bg7 4. Nc3 0-0 5. e4 d6 6. Be2 c5 7. d5 e6 8. 0-0 Na6 9. dxe6 Bxe6 10. Bf4 Qa5 11. Qc1 Rad8 12. Rd1 Qb6 13. Rb1 Rfe8 14. Bg5 Rd7 15. b3 Qc6 16. Nd2 h6 17. Be3 Kh7 18. a3 Qc8 19. b4 b6 20. Qc2 Nb8 21. b5 Rdd8 22. Bf1 Kg8 23. a4 g5 24. a5 Nbd7 25. axb6 axb6 26. Ra1 Ne5 27. Ra6 Qc7 28. Rda1 Rb8 29. f3 Nh5 30. R1a3 Nd7 31. Bf2 Be5 32. Nd5 Qd8 33. Bd3 Nf4 34. Ra7 Nf8 35. Nf1 Bxd5 36. cxd5 Qf6 37. Ne3 N8g6 38. Bf1 Bd4 39. Nf5 Bxf2+ 40. Qxf2 Ne7 41. Ne3 Nfg6 42. g3 h5 43. Nc4 Ne5 44. f4 Nxc4 45. Bxc4 Nc8 46. Ra8 Rxa8 47. Rxa8 Kf8 48. Rb8 Qc3 49. Bf1 Qf6 50. fxg5 Qxg5 51. Qf4 Qg6 52. h4 Kg7 53. Qg5 Kf8 54. Qxg6 fxg6 55. Bh3 c4 56. Kf2 c3 57. Ke3 Ne7 58. Rxe8+ Kxe8 59. Kd3 Kf7 60. Kxc3 Kf6 61. Kd4 Ng8 62. g4 hxg4 63. Bxg4 g5 64. hxg5+ Kxg5 65. Be6 Ne7 66. e5 Ng6 67. exd6 Kf6 68. d7 Ke7 69. d6+ Kd8 70. Bf5 Nf4 71. Be4 Kxd7 72. Ke5 Ne2 73. Bf5+ Kd8 74. Kd5 Nc3+ 75. Kc6 Na4 76. Bc2 Nc3 77. Kxb6 Kd7 78. Kc5 1-0

[Event "Mallorca-chT Preferente"]
[Site "Palma de Mallorca"]
[Date "2012.03.03"]
[Round "5.4"]
[White "Brull Mayol, Cosme"]
[Black "Sanchez Rodriguez, Francisco"]
[Result "1-0"]
[WhiteElo "2285"]
[BlackElo "1898"]
[PlyCount "71"]
[EventDate "2012.01.28"]
[EventType "team"]
[EventRounds "9"]
[EventCountry "ESP"]
[SourceTitle "EXT 2014"]
[Source "ChessBase"]
[SourceDate "2013.11.20"]
[SourceVersion "1"]
[SourceVersionDate "2013.11.20"]
[SourceQuality "1"]
[WhiteTeam "Son Dameto"]
[BlackTeam "Inca"]
[WhiteTeamCountry "ESP"]
[BlackTeamCountry "ESP"]

1. Nf3 g6 2. d4 Bg7 3. e4 c5 4. c3 Nf6 5. e5 Nd5 6. dxc5 Nc7 7. Na3 Nc6 8. Nc4 Rb8 9. Be3 Ne6 10. Be2 b5 11. cxb6 axb6 12. a4 Ba6 13. 0-0 Bxc4 14. Bxc4 Nxe5 15. Nxe5 Bxe5 16. f4 Bg7 17. f5 gxf5 18. Rxf5 0-0 19. Qh5 f6 20. Rd1 Qc7 21. Qe2 Kh8 22. Bxe6 dxe6 23. Rb5 f5 24. Bd4 Bxd4+ 25. Rxd4 Rf6 26. Qe5 Qb7 27. a5 Rg8 28. Rd2 Qa7 29. Rxb6 Ra8 30. b4 Kg8 31. c4 Kf7 32. c5 f4 33. Rd4 f3 34. Rf4 Qd7 35. Rxf6+ exf6 36. Qd6 1-0